[Event "C.to Italiano Semifinale"]
[Site "Arvier ITA"]
[Date "2009.09.28"]
[Round "3"]
[White "Vezzosi, Paolo"]
[Black "Ortega, Lexy"]
[Result "0-1"]
[WhiteElo "2381"]
[BlackElo "2437"]
[PlyCount "48"]
[EventDate "2009.09.26"]

1. Nf3 f5 2. c4 Nf6 3. g3 g6 4. Bg2 d6 5. d4 Bg7 6. Nc3 O-O 7. O-O Nc6 8. d5
Na5 9. Nd2 c5 10. Rb1 e5 11. a3 Bd7 12. b4 cxb4 13. axb4 Nxc4 14. Nxc4 Qc7 15.
Qb3 Rfc8 16. Nxe5 Qxc3 17. Nxd7 Nxd7 18. e4 fxe4 19. Bxe4 Qxb3 20. Rxb3 a5 21.
bxa5 Nc5 22. Rb4 Rxa5 23. Bb1 b5 24. Bf4 Bc3 0-1

[Event "C.to Italiano Semifinale"]
[Site "Arvier ITA"]
[Date "2009.09.29"]
[Round "4"]
[White "Bentivegna, Francesco"]
[Black "Marguerettaz, Davy"]
[Result "1/2-1/2"]
[WhiteElo "2349"]
[BlackElo "2049"]
[PlyCount "116"]
[EventDate "2009.09.26"]

1. e4 c6 2. d4 d5 3. exd5 cxd5 4. c4 Nf6 5. Nc3 Nc6 6. Bg5 Be6 7. Be2 h6 8.
Bxf6 exf6 9. Nf3 Bb4 10. O-O Bxc3 11. bxc3 dxc4 12. Nd2 O-O 13. Nxc4 Bxc4 14.
Bxc4 Na5 15. Be2 Rc8 16. Rc1 Qd5 17. Qa4 b6 18. Rfd1 Rc7 19. c4 Qd7 20. Qxd7
Rxd7 21. c5 bxc5 22. dxc5 Rxd1+ 23. Bxd1 Rc8 24. f4 Kf8 25. Kf2 Nb7 26. c6 Nd8
27. Bf3 f5 28. g3 Ke7 29. Ke3 Rc7 30. Rc5 g6 31. Re5+ Kd6 32. Rd5+ Ke7 33. Re5+
Kd6 34. Rd5+ Ke7 35. Ra5 Kd6 36. Ra6 Kc5 37. a4 Kb4 38. Kd4 Ne6+ 39. Kd5 Nc5
40. Ra5 Kxa5 41. Kxc5 Kxa4 42. Kd6 Rc8 43. Kd7 Rh8 44. c7 Kb4 45. Bd5 f6 46.
c8=Q Rxc8 47. Kxc8 Kc5 48. Bf7 g5 49. Kd7 gxf4 50. gxf4 Kd4 51. Ke6 Ke4 52.
Kxf6 Kxf4 53. Bg6 Kg4 54. Bxf5+ Kh4 55. Kg6 a5 56. Bd7 a4 57. Bxa4 Kh3 58. Kxh6
Kxh2 1/2-1/2

[Event "C.to Italiano Semifinale"]
[Site "Arvier ITA"]
[Date "2009.09.29"]
[Round "4"]
[White "Contin, Daniel"]
[Black "Codenotti, Marco"]
[Result "1-0"]
[WhiteElo "2291"]
[BlackElo "2122"]
[PlyCount "64"]
[EventDate "2009.09.26"]

1. Nf3 Nf6 2. c4 e6 3. d4 b6 4. a3 Bb7 5. Nc3 d5 6. cxd5 Nxd5 7. Qc2 Nxc3 8.
Qxc3 h6 9. e3 Bd6 10. Bb5+ c6 11. Bc4 O-O 12. e4 c5 13. dxc5 Bxc5 14. b4 Be7
15. Bb2 Bf6 16. e5 Bg5 17. O-O Nd7 18. Nd4 Rc8 19. Qb3 Bf4 20. Bxe6 Bxe5 21.
Bh3 Qh4 22. Rad1 Rcd8 23. Nf5 Qf4 24. g3 Qe4 25. f3 Qe2 26. Rf2 Qxd1+ 27. Qxd1
Bxb2 28. Rxb2 Ne5 29. Qa1 Bxf3 30. Rb1 Rfe8 31. Re1 f6 32. Nd4 Bb7 1-0

[Event "C.to Italiano Semifinale"]
[Site "Arvier ITA"]
[Date "2009.09.29"]
[Round "4"]
[White "Martorelli, Antonio"]
[Black "Vezzosi, Paolo"]
[Result "1-0"]
[WhiteElo "2228"]
[BlackElo "2381"]
[PlyCount "59"]
[EventDate "2009.09.26"]

1. e4 c5 2. Nf3 e6 3. d4 cxd4 4. Nxd4 Nc6 5. Nc3 Qc7 6. Be3 Nf6 7. Bd3 a6 8.
O-O Ne5 9. f4 Neg4 10. Bd2 Bc5 11. Nce2 e5 12. fxe5 Qxe5 13. Bf4 Bxd4+ 14. Kh1
Qc5 15. Nxd4 Qxd4 16. e5 Nf2+ 17. Rxf2 Qxf2 18. exf6 Qxf4 19. fxg7 Rg8 20. Qe1+
Kd8 21. Qa5+ Ke7 22. Re1+ Kf6 23. Qc3+ Kg5 24. Bxh7 Re8 25. Qc5+ Kh6 26. Rxe8
Qc1+ 27. Qg1 Qxg1+ 28. Kxg1 Kxg7 29. Bf5 b6 30. Be4 1-0

[Event "C.to Italiano Semifinale"]
[Site "Arvier ITA"]
[Date "2009.09.29"]
[Round "4"]
[White "Messina, Giuseppe Ottavio"]
[Black "Sarno, Spartaco"]
[Result "1/2-1/2"]
[WhiteElo "2076"]
[BlackElo "2324"]
[PlyCount "59"]
[EventDate "2009.09.26"]

1. e4 d6 2. Nf3 Nf6 3. Nc3 g6 4. d4 Bg7 5. Bd3 O-O 6. O-O Bg4 7. Be3 Nc6 8. h3
Bxf3 9. Qxf3 Nd7 10. Ne2 e5 11. c3 exd4 12. cxd4 Nde5 13. dxe5 Nxe5 14. Qg3
Nxd3 15. Bg5 f6 16. Bxf6 Qxf6 17. Qxd3 c6 18. Nc3 Rae8 19. Rad1 Qf7 20. Rd2 Re6
21. f4 Qe7 22. f5 Bxc3 23. bxc3 Rxe4 24. f6 Qe6 25. Qxd6 Re1 26. Rxe1 Qxe1+ 27.
Kh2 Rxf6 28. Qxf6 Qxd2 29. Qe6+ Kg7 30. Qe7+ 1/2-1/2

[Event "C.to Italiano Semifinale"]
[Site "Arvier ITA"]
[Date "2009.09.29"]
[Round "4"]
[White "Ortega, Lexy"]
[Black "Piscopo, Pierluigi"]
[Result "1/2-1/2"]
[WhiteElo "2437"]
[BlackElo "2432"]
[PlyCount "79"]
[EventDate "2009.09.26"]

1. d4 Nf6 2. Nf3 c5 3. d5 e6 4. Nc3 b5 5. e4 b4 6. dxe6 fxe6 7. Nb5 a6 8. Nd6+
Bxd6 9. Qxd6 Nxe4 10. Qe5 Bb7 11. Qxg7 Qf6 12. Qxf6 Nxf6 13. Be3 d6 14. O-O-O
Bd5 15. Bf4 Ne4 16. Bg3 Nd7 17. Nd2 Nxg3 18. hxg3 O-O 19. f3 Nb6 20. Rh4 Ra7
21. Bd3 Rg7 22. Rdh1 Rff7 23. R1h3 a5 24. b3 a4 25. Rh6 Rc7 26. Kd1 c4 27. bxc4
Bxc4 28. Nxc4 Nxc4 29. Bxc4 Rxc4 30. Rxe6 Rd4+ 31. Kc1 Rc7 32. Rh4 Rxh4 33.
gxh4 b3 34. axb3 axb3 35. Re2 Rc4 36. h5 Rc5 37. h6 bxc2 38. Re7 Rg5 39. Rg7+
Rxg7 40. hxg7 1/2-1/2

[Event "C.to Italiano Semifinale"]
[Site "Arvier ITA"]
[Date "2009.09.29"]
[Round "4"]
[White "Pompilio, Gaetano"]
[Black "Govoni, Fausto"]
[Result "0-1"]
[WhiteElo "1927"]
[BlackElo "2210"]
[PlyCount "74"]
[EventDate "2009.09.26"]

1. e3 g6 2. d4 Bg7 3. Bd3 d5 4. c3 f5 5. f4 Nf6 6. Nf3 O-O 7. O-O b6 8. Qe2 c5
9. Nbd2 Bb7 10. b4 Ne4 11. Bb2 Nc6 12. a3 Qc8 13. Ne5 Nxe5 14. fxe5 a5 15. bxc5
Nxd2 16. Qxd2 bxc5 17. c4 Qe6 18. cxd5 Bxd5 19. Rac1 c4 20. Be2 Rfb8 21. Rc3
Rb7 22. Rfc1 Rab8 23. Ba1 Rb1 24. Qc2 Rxc1+ 25. Qxc1 Bh6 26. Kf2 Kg7 27. Bxc4
f4 28. exf4 Bxc4 29. Rxc4 Bxf4 30. Qc2 Rf8 31. g3 Bxe5+ 32. Kg1 Bf6 33. Bb2
Qe1+ 34. Kg2 Be5 35. Qd3 Rf2+ 36. Kh3 Qh1 37. dxe5 Qxh2+ 0-1

[Event "C.to Italiano Semifinale"]
[Site "Arvier ITA"]
[Date "2009.09.29"]
[Round "4"]
[White "Ricci, Marco"]
[Black "Astengo, Marcello"]
[Result "0-1"]
[WhiteElo "2128"]
[BlackElo "2134"]
[PlyCount "128"]
[EventDate "2009.09.26"]

1. e4 e6 2. d4 d5 3. Nd2 Nf6 4. e5 Ng8 5. Bd3 c5 6. c3 Bd7 7. Ne2 Nc6 8. Nf3
cxd4 9. Nexd4 Nge7 10. Bg5 Qb6 11. Qe2 Nxd4 12. Nxd4 Nc6 13. Nxc6 bxc6 14. Be3
Qc7 15. f4 Be7 16. O-O c5 17. c4 Rb8 18. cxd5 exd5 19. Rac1 c4 20. Qf2 Qb7 21.
Bc2 O-O 22. Bd4 f5 23. Rfe1 Be6 24. Bb1 a5 25. Red1 Rfc8 26. Rd2 a4 27. Bc2 a3
28. Rb1 c3 29. Bxc3 Rxc3 30. bxc3 Qxb1+ 31. Bxb1 Rxb1+ 32. Qf1 Bc5+ 33. Rd4
Rxf1+ 34. Kxf1 Bxd4 35. cxd4 Kf7 36. Ke2 Ke7 37. Kd3 Kd7 38. Kc3 Kc6 39. Kb4
Bf7 40. Kxa3 Kb5 41. Kb3 Bh5 42. h3 Be2 43. g3 Bc4+ 44. Ka3 Bf1 45. h4 Be2 46.
Kb3 Bd1+ 47. Kc3 Ka4 48. Kd2 Bh5 49. Kc2 Ka3 50. Kb1 Be8 51. e6 Bh5 52. e7 Be8
53. Ka1 Kb4 54. Kb2 Kc4 55. Ka3 h5 56. Kb2 Kxd4 57. Kb3 Kc5 58. a4 Bc6 59. a5
Kd6 60. Kb4 Kxe7 61. Kc5 Kd7 62. a6 Ba8 63. a7 Kc7 64. Kd4 Kd6 0-1

[Event "C.to Italiano Semifinale"]
[Site "Arvier ITA"]
[Date "2009.09.29"]
[Round "4"]
[White "Rombaldoni, Denis"]
[Black "Dvirnyy, Danyyil"]
[Result "1/2-1/2"]
[WhiteElo "2469"]
[BlackElo "2447"]
[PlyCount "73"]
[EventDate "2009.09.26"]

1. d4 Nf6 2. c4 g6 3. Nc3 Bg7 4. e4 O-O 5. f4 d6 6. Nf3 c5 7. d5 e6 8. Be2 exd5
9. cxd5 b5 10. e5 dxe5 11. fxe5 Ng4 12. Bg5 Qb6 13. O-O c4+ 14. Kh1 Nxe5 15.
Nxe5 Bxe5 16. Be7 Re8 17. d6 Nc6 18. Nd5 Qc5 19. Bf3 Bd7 20. Qe2 Bg7 21. Rad1
Rac8 22. Qd2 Qd4 23. Qg5 h6 24. Qg3 Qxb2 25. Bg4 Ne5 26. Bxd7 Nxd7 27. Qg4 Ne5
28. Qf4 f5 29. Nf6+ Kf7 30. Nxe8 Rxe8 31. d7 Nxd7 32. Rxd7 Rxe7 33. Rxe7+ Kxe7
34. Re1+ Kf7 35. Qb8 Bf8 36. Qxa7+ Kg8 37. Qa6 1/2-1/2

[Event "C.to Italiano Semifinale"]
[Site "Arvier ITA"]
[Date "2009.09.29"]
[Round "4"]
[White "Rota, Simone"]
[Black "Vespe, Francesco"]
[Result "1-0"]
[WhiteElo "2025"]
[BlackElo "1976"]
[PlyCount "65"]
[EventDate "2009.09.26"]

1. d4 Nf6 2. Nf3 e6 3. c4 b6 4. g3 Ba6 5. Nbd2 c5 6. Bg2 Bb7 7. O-O cxd4 8.
Nxd4 Bxg2 9. Kxg2 Nc6 10. N2f3 Bc5 11. a3 O-O 12. Nb5 a6 13. Nc3 Re8 14. e4 Qc7
15. Bf4 Qb7 16. b4 Bf8 17. Bg5 Be7 18. Ra2 h6 19. Bf4 Red8 20. Rd2 Ne8 21. Qe2
d6 22. Rfd1 Bf6 23. Rc2 Rac8 24. Kg1 Na7 25. Nb1 Be7 26. Nbd2 b5 27. Rdc1 bxc4
28. Nxc4 Qb5 29. Be3 Nc6 30. Nb6 Qxe2 31. Rxe2 Na7 32. Nxc8 Nxc8 33. Rec2 1-0

[Event "C.to Italiano Semifinale"]
[Site "Arvier ITA"]
[Date "2009.09.29"]
[Round "4"]
[White "Scalcione, Michelangelo"]
[Black "Genocchio, Daniele"]
[Result "0-1"]
[WhiteElo "2387"]
[BlackElo "2455"]
[PlyCount "86"]
[EventDate "2009.09.26"]

1. Nf3 Nf6 2. c4 e6 3. Nc3 d5 4. d4 c6 5. Bg5 dxc4 6. e4 b5 7. e5 h6 8. Bh4 g5
9. Nxg5 hxg5 10. Bxg5 Nbd7 11. g3 Rg8 12. Bxf6 Nxf6 13. exf6 Bb7 14. Bg2 Qc7
15. Qh5 O-O-O 16. O-O-O Bb4 17. Kb1 Rh8 18. Qf3 Rd7 19. a3 Bxc3 20. Qxc3 Rhd8
21. Rhe1 c5 22. d5 Bxd5 23. Bxd5 exd5 24. Qf3 Kb8 25. Qf5 d4 26. Re5 Rc8 27. h4
Rd6 28. Re7 Qc6 29. Rxf7 a5 30. Qe5 b4 31. Re7 c3 32. Re6 Rcd8 33. Re1 Ka7 34.
Re7+ Kb6 35. bxc3 dxc3 36. Re6 Rxe6 37. Qxe6 Rd1+ 38. Kc2 Rd2+ 39. Kc1 Qxe6 40.
Rxe6+ Kb5 41. a4+ Kxa4 42. f4 b3 43. Re1 b2+ 0-1

[Event "C.to Italiano Semifinale"]
[Site "Arvier ITA"]
[Date "2009.09.29"]
[Round "4"]
[White "Sibilio, Mario"]
[Black "Shytaj, Luca"]
[Result "1-0"]
[WhiteElo "2345"]
[BlackElo "2481"]
[PlyCount "95"]
[EventDate "2009.09.26"]

1. d4 Nf6 2. c4 c5 3. d5 b5 4. a4 b4 5. b3 g6 6. Bb2 Bg7 7. g4 d6 8. h3 Kf8 9.
Bg2 h5 10. g5 Nh7 11. Qc1 Nd7 12. f4 Kg8 13. Bxg7 Kxg7 14. Nd2 Rf8 15. Ngf3 Qe8
16. Ne4 f6 17. O-O Rb8 18. a5 Kg8 19. Qb2 Qf7 20. gxf6 Ndxf6 21. Ng3 Qg7 22.
Qd2 Qh6 23. Nh4 Ne8 24. Qd3 Rf6 25. Ne4 Rf7 26. Ng3 Nf8 27. e3 Ng7 28. Nf3 Nh7
29. Nh4 Nf8 30. Kh2 Bd7 31. Be4 Rf6 32. Ra2 g5 33. fxg5 Qxg5 34. Nf3 Qh6 35.
Rg2 Ng6 36. Rfg1 Rbf8 37. Qe2 h4 38. Nh1 Bf5 39. Nf2 Bxe4 40. Nxe4 Rxf3 41.
Rxg6 Rxe3 42. Rxg7+ Kh8 43. Qg4 Qf4+ 44. Qxf4 Rxf4 45. R7g5 Rf7 46. Rh5+ Rh7
47. Rf5 Rg7 48. Rf8+ 1-0

[Event "C.to Italiano Semifinale"]
[Site "Arvier ITA"]
[Date "2009.09.29"]
[Round "4"]
[White "Valsecchi, Alessio"]
[Black "De Santis, Alessio"]
[Result "1-0"]
[WhiteElo "2361"]
[BlackElo "2309"]
[PlyCount "113"]
[EventDate "2009.09.26"]

1. e4 b6 2. Nc3 Bb7 3. f4 e6 4. Nf3 d5 5. exd5 exd5 6. d4 Nf6 7. Bb5+ c6 8. Bd3
Bb4 9. O-O O-O 10. Ne2 Nbd7 11. Ng3 Re8 12. Ne5 Qc7 13. Qf3 Bf8 14. Nh5 Ne4 15.
Bxe4 dxe4 16. Qg4 Nxe5 17. fxe5 Re6 18. Nf4 Ree8 19. Be3 c5 20. c3 Qc8 21. e6
fxe6 22. Nh5 Re7 23. dxc5 bxc5 24. Rf2 e5 25. Qg3 Ba6 26. b3 Bd3 27. c4 a5 28.
Bg5 Re6 29. Bf6 Qc7 30. Qg4 Rae8 31. Re1 Kh8 32. Bd8 Qd7 33. Bxa5 g6 34. Nf6
Qa7 35. Nxe8 Rxe8 36. Bc3 Bg7 37. Qg3 Kg8 38. Qe3 Qe7 39. Qc1 Ra8 40. Bd2 Rxa2
41. Bg5 Qa7 42. Rxa2 Qxa2 43. Qa1 Qxa1 44. Rxa1 Bc2 45. Ra8+ Kf7 46. Ra7+ Kg8
47. Rb7 h6 48. Be3 Bf8 49. Kf2 g5 50. Ke1 Bd3 51. Kd2 Bf1 52. g3 g4 53. Rc7 Bg2
54. Bxc5 Bxc5 55. Rxc5 Kf7 56. Rxe5 Kf6 57. Ra5 1-0

[Event "C.to Italiano Semifinale"]
[Site "Arvier ITA"]
[Date "2009.09.30"]
[Round "5"]
[White "Codenotti, Marco"]
[Black "Pepino, Enrico"]
[Result "1/2-1/2"]
[WhiteElo "2122"]
[BlackElo "2128"]
[PlyCount "115"]
[EventDate "2009.09.26"]

1. e4 c5 2. Nf3 d6 3. d4 cxd4 4. Nxd4 Nf6 5. Nc3 g6 6. Be3 Bg7 7. f3 O-O 8. g4
Nc6 9. Qd2 Nxd4 10. Bxd4 Be6 11. Nd5 Bxd5 12. exd5 Qc7 13. h4 Rac8 14. Rh2 e5
15. dxe6 fxe6 16. O-O-O d5 17. Re1 Ne4 18. fxe4 Bxd4 19. Rhe2 Qb6 20. c3 Be5
21. Qd3 d4 22. c4 Qb4 23. Kb1 Qxc4 24. Qxc4 Rxc4 25. g5 d3 26. Bh3 Rb4 27.
Bxe6+ Kg7 28. Rg2 Rd8 29. b3 Bc3 30. Rd1 Rxe4 31. Bc4 Re1 32. Rg1 Rxg1 33. Rxg1
d2 34. Kc2 Bb4 35. Rd1 a6 36. a3 Bxa3 37. Rxd2 Rxd2+ 38. Kxd2 Bd6 39. Ke3 Bg3
40. h5 gxh5 41. Bd5 b6 42. b4 Be1 43. Bb7 Kg6 44. Kf3 Kxg5 45. Bxa6 Bxb4 46.
Kg2 Be1 47. Bb5 h6 48. Bc6 Kf4 49. Bd7 Ke3 50. Bb5 Kd4 51. Bd7 Kc5 52. Kg1 b5
53. Bxb5 Kxb5 54. Kg2 Kc5 55. Kh1 Kd4 56. Kg2 Ke3 57. Kh1 Kf3 58. Kg1 1/2-1/2

[Event "C.to Italiano Semifinale"]
[Site "Arvier ITA"]
[Date "2009.09.30"]
[Round "5"]
[White "Contin, Daniel"]
[Black "Scalcione, Michelangelo"]
[Result "1-0"]
[WhiteElo "2291"]
[BlackElo "2387"]
[PlyCount "115"]
[EventDate "2009.09.26"]

1. c4 g6 2. Nc3 Bg7 3. g3 c5 4. Bg2 Nc6 5. d3 e6 6. e4 Nge7 7. Nge2 d6 8. O-O
O-O 9. Rb1 Rb8 10. a3 b6 11. Be3 Nd4 12. Bxd4 cxd4 13. Nb5 Nc6 14. e5 a6 15.
Nxd6 Nxe5 16. Nxc8 Qxc8 17. b4 Rd8 18. Nc1 b5 19. c5 Nc6 20. Nb3 Ne7 21. Na5
Nd5 22. Qf3 Qc7 23. Rbc1 h5 24. Rfe1 Bf6 25. h4 Kg7 26. Rc2 Rh8 27. Bh3 Rbe8
28. Re4 Nc3 29. Re1 Nd5 30. Qe4 Rd8 31. Bg2 Rhe8 32. Nb3 e5 33. Qf3 Re7 34. Na5
Ree8 35. Rcc1 Re6 36. Qd1 Nc3 37. Qd2 Be7 38. Nb3 Bf6 39. Rc2 Kh7 40. Qc1 Bg7
41. Na5 f5 42. Nb7 Rc8 43. Nd6 Rxd6 44. cxd6 Qxd6 45. Qb2 e4 46. Qb3 exd3 47.
Rd2 Ne2+ 48. Kf1 Rc3 49. Qb1 Rxa3 50. Rxd3 Nc3 51. Qb2 Ra4 52. Qxc3 Rxb4 53.
Qc6 Qf8 54. Qxa6 f4 55. Be4 Bf6 56. Rf3 d3 57. Bxd3 Qd8 58. Qe6 1-0

[Event "C.to Italiano Semifinale"]
[Site "Arvier ITA"]
[Date "2009.09.30"]
[Round "5"]
[White "De Santis, Alessio"]
[Black "Messina, Giuseppe Ottavio"]
[Result "1-0"]
[WhiteElo "2309"]
[BlackElo "2076"]
[PlyCount "53"]
[EventDate "2009.09.26"]

1. d4 Nf6 2. c4 e5 3. dxe5 Ng4 4. Bf4 Nc6 5. Nf3 Bb4+ 6. Nc3 Qe7 7. Qd5 f6 8.
exf6 Nxf6 9. Qd3 O-O 10. g3 Bxc3+ 11. bxc3 Ne4 12. Bg2 d6 13. O-O Bf5 14. Nh4
g6 15. Nxf5 gxf5 16. Rab1 Rab8 17. Rb2 Kh8 18. Rfb1 b6 19. Qd5 Qd7 20. c5 Rf6
21. cxd6 Ne7 22. dxc7 Nxd5 23. cxb8=Q+ Kg7 24. Bxe4 Nxf4 25. Qxf4 fxe4 26. Qxe4
Qf7 27. Qd4 1-0

[Event "C.to Italiano Semifinale"]
[Site "Arvier ITA"]
[Date "2009.09.30"]
[Round "5"]
[White "Dvirnyy, Danyyil"]
[Black "Ortega, Lexy"]
[Result "1/2-1/2"]
[WhiteElo "2447"]
[BlackElo "2437"]
[PlyCount "36"]
[EventDate "2009.09.26"]

1. e4 e5 2. Nf3 Nc6 3. Bb5 a6 4. Ba4 Nf6 5. O-O Be7 6. Re1 b5 7. Bb3 d6 8. c3
O-O 9. h3 Na5 10. Bc2 d5 11. d4 dxe4 12. Nxe5 c5 13. Bg5 Bb7 14. Nd2 cxd4 15.
cxd4 Re8 16. Bxf6 Bxf6 17. Nxe4 Bxe5 18. dxe5 Rxe5 1/2-1/2

[Event "C.to Italiano Semifinale"]
[Site "Arvier ITA"]
[Date "2009.09.30"]
[Round "5"]
[White "Genocchio, Daniele"]
[Black "Rombaldoni, Axel"]
[Result "1-0"]
[WhiteElo "2455"]
[BlackElo "2451"]
[PlyCount "105"]
[EventDate "2009.09.26"]

1. e4 c5 2. Nf3 Nc6 3. Bb5 d6 4. O-O Bd7 5. Re1 Nf6 6. c3 a6 7. Bf1 Bg4 8. h3
Bh5 9. d3 e6 10. Bf4 Be7 11. Nbd2 h6 12. Be2 O-O 13. a3 b5 14. b4 a5 15. bxc5
dxc5 16. a4 b4 17. Ne5 Bxe2 18. Qxe2 Nxe5 19. Bxe5 Nd7 20. Bg3 bxc3 21. Nc4 Nb8
22. Be5 Nc6 23. Bxc3 Nd4 24. Qd1 Qc7 25. Rb1 Rfd8 26. Rb6 Rd7 27. Qd2 Bg5 28.
Qb2 Bd8 29. Rb1 Qf4 30. Bd2 Qh4 31. Rb7 Ne2+ 32. Kf1 Rxd3 33. Kxe2 Qxe4+ 34.
Ne3 Bf6 35. Rb8+ Rxb8 36. Qxb8+ Rd8 37. Qb3 c4 38. Qc2 Rd3 39. Rb8+ Kh7 40. Qb1
g6 41. Bc1 Bc3 42. Qb7 Rxe3+ 43. Bxe3 Qd3+ 44. Kf3 Qf5+ 45. Ke2 Qd3+ 46. Kf3
Qf5+ 47. Kg3 Be5+ 48. f4 Bxb8 49. Qxb8 Qd3 50. Qa7 Kg8 51. Qd4 Qe2 52. Kh2 Kh7
53. Bd2 1-0

[Event "C.to Italiano Semifinale"]
[Site "Arvier ITA"]
[Date "2009.09.30"]
[Round "5"]
[White "Marguerettaz, Davy"]
[Black "Parrella, Alfredo"]
[Result "1-0"]
[WhiteElo "2049"]
[BlackElo "2089"]
[PlyCount "99"]
[EventDate "2009.09.26"]

1. d4 c5 2. d5 a6 3. e4 e5 4. dxe6 dxe6 5. Qxd8+ Kxd8 6. Nc3 b5 7. Bf4 Bb7 8.
O-O-O+ Nd7 9. Nf3 f6 10. Rd2 Bc6 11. Be2 Ke8 12. Bd6 Ne7 13. b4 cxb4 14. Bxb4
Ng6 15. Bxf8 Ngxf8 16. Nd4 Bb7 17. Bg4 Ke7 18. Rhd1 Nc5 19. f3 Rc8 20. Nd5+ Kf7
21. Nf4 Rc7 22. Nfxe6 Nfxe6 23. Nxe6 Nxe6 24. Rd7+ Kg6 25. Bxe6 Rhc8 26. Bf5+
Kh6 27. Rxc7 Rxc7 28. Rd7 Rxd7 29. Bxd7 Kg5 30. g3 g6 31. Kd2 Kh6 32. Ke3 Kg7
33. Kd4 Kf7 34. Kc5 Ke7 35. Bc6 Bc8 36. Kb6 Kd6 37. Bb7 Bd7 38. Bxa6 b4 39. Bc4
g5 40. Bb3 Bc6 41. Bc4 h6 42. Bb5 Ba8 43. Ka7 Kc5 44. Kxa8 Kxb5 45. Kb7 Kc5 46.
Ka6 Kd4 47. Kb5 Ke3 48. Kxb4 Kxf3 49. c4 Kxe4 50. a4 1-0

[Event "C.to Italiano Semifinale"]
[Site "Arvier ITA"]
[Date "2009.09.30"]
[Round "5"]
[White "Piscopo, Pierluigi"]
[Black "Valsecchi, Alessio"]
[Result "0-1"]
[WhiteElo "2432"]
[BlackElo "2361"]
[PlyCount "152"]
[EventDate "2009.09.26"]

1. e4 c5 2. Nf3 d6 3. c3 Nf6 4. h3 g6 5. Bd3 Bg7 6. Bc2 O-O 7. d4 Nfd7 8. O-O
Na6 9. a3 Nc7 10. Re1 e5 11. dxe5 dxe5 12. Bg5 f6 13. Be3 Qe7 14. Nbd2 Rd8 15.
Bb3+ Kh8 16. Nc4 Nf8 17. Bxc5 Qxc5 18. Qxd8 Bd7 19. Ncxe5 fxe5 20. Qh4 Be6 21.
Bxe6 Ncxe6 22. Rad1 Re8 23. Rd5 Qe7 24. Qxe7 Rxe7 25. g3 Kg8 26. Red1 Re8 27.
Rd6 Nc5 28. Rd8 Re7 29. Nd2 Kf7 30. b4 Na4 31. Nb3 Nxc3 32. R1d3 Nxe4 33. Rf3+
Nf6 34. Na5 Ne6 35. Rb8 Nd4 36. Rd3 b6 37. Nb7 Ke6 38. a4 Nd5 39. b5 Kd7 40.
Nd8 Kc7 41. Ra8 Rd7 42. Ne6+ Kb7 43. Rd8 Rxd8 44. Nxd8+ Kc7 45. Ne6+ Nxe6 46.
Rxd5 Nc5 47. a5 Ne4 48. axb6+ axb6 49. Rd3 Nd6 50. Rb3 e4 51. Kf1 Bd4 52. Ke2
Kd7 53. f3 exf3+ 54. Kxf3 Ke6 55. Kg4 Kd5 56. Kg5 Nf7+ 57. Kf4 Be5+ 58. Kg4 h5+
59. Kf3 Ng5+ 60. Kg2 Kc4 61. Rb1 Bc3 62. Rd1 Nf7 63. Rc1 Ne5 64. Rc2 Kb3 65.
Rc1 Nd3 66. Rd1 Kc4 67. Kf3 Bb4 68. Ke3 Ne5 69. Ke4 Nf7 70. h4 Kxb5 71. Rd7
Nd6+ 72. Kf4 Bd2+ 73. Ke5 Nc4+ 74. Kf6 Bc3+ 75. Kg5 Ne5 76. Rc7 Kb4 0-1

[Event "C.to Italiano Semifinale"]
[Site "Arvier ITA"]
[Date "2009.09.30"]
[Round "5"]
[White "Rettore, Ludwig"]
[Black "Bentivegna, Francesco"]
[Result "1-0"]
[WhiteElo "2175"]
[BlackElo "2349"]
[PlyCount "137"]
[EventDate "2009.09.26"]

1. d4 f5 2. c4 Nf6 3. Nc3 d6 4. Nf3 g6 5. g3 Bg7 6. Bg2 O-O 7. O-O e6 8. Qc2
Nc6 9. Rd1 Qe7 10. d5 Nb4 11. Qb3 Na6 12. dxe6 Nc5 13. Qc2 c6 14. b3 Bxe6 15.
Bb2 Kh8 16. Nd4 Bg8 17. e3 a5 18. a3 Ng4 19. h3 Ne5 20. Nce2 a4 21. b4 Nb3 22.
Nxb3 axb3 23. Qxb3 Bxc4 24. Qc2 Bg8 25. Nf4 Rad8 26. Bd4 Qf7 27. Nd3 Rfe8 28.
Nxe5 Bxe5 29. Qc3 Qc4 30. Bxe5+ dxe5 31. Qxc4 Bxc4 32. Bf1 Bd5 33. b5 Bf3 34.
Rxd8 Rxd8 35. bxc6 Bxc6 36. Bg2 e4 37. Bf1 Ra8 38. Kg2 Kg7 39. g4 Kf6 40. Kg3
Ra5 41. gxf5 g5 42. Be2 Kxf5 43. Bg4+ Kg6 44. Rd1 Rxa3 45. Rd6+ Kg7 46. Bf5 Ra5
47. Kg4 Rd5 48. Rxd5 Bxd5 49. Kxg5 b5 50. Kf4 b4 51. Bxe4 Be6 52. h4 b3 53. Ke5
Bf7 54. Kd4 h6 55. Kc3 Kf6 56. f4 Be6 57. Bd3 Bf7 58. e4 Be6 59. e5+ Kf7 60. f5
Bd5 61. Kd4 Bg2 62. Bc4+ Ke7 63. Bxb3 Bh3 64. Ke4 Bf1 65. f6+ Kf8 66. e6 Bb5
67. Ke5 Bc6 68. e7+ Ke8 69. Bd1 1-0

[Event "C.to Italiano Semifinale"]
[Site "Arvier ITA"]
[Date "2009.09.30"]
[Round "5"]
[White "Rombaldoni, Denis"]
[Black "Sibilio, Mario"]
[Result "1-0"]
[WhiteElo "2469"]
[BlackElo "2345"]
[PlyCount "41"]
[EventDate "2009.09.26"]

1. e4 c5 2. Nf3 Nc6 3. d4 cxd4 4. Nxd4 Qb6 5. Nb3 Nf6 6. Nc3 e6 7. Qe2 Qc7 8.
Bd2 d6 9. g4 h6 10. f4 Bd7 11. O-O-O a6 12. Bg2 Rc8 13. Kb1 b5 14. e5 dxe5 15.
fxe5 Nh7 16. Bf4 Be7 17. h4 Nb8 18. g5 h5 19. Qxh5 b4 20. g6 bxc3 21. Qxh7 1-0

[Event "C.to Italiano Semifinale"]
[Site "Arvier ITA"]
[Date "2009.09.30"]
[Round "5"]
[White "Sarno, Spartaco"]
[Black "Govoni, Fausto"]
[Result "1-0"]
[WhiteElo "2324"]
[BlackElo "2210"]
[PlyCount "115"]
[EventDate "2009.09.26"]

1. c4 f5 2. Nc3 Nf6 3. g3 g6 4. Bg2 Bg7 5. e3 O-O 6. Nge2 d6 7. O-O e5 8. d3
Nc6 9. Rb1 Nh5 10. Nd5 Ne7 11. b4 c6 12. Nxe7+ Qxe7 13. b5 Qc7 14. bxc6 bxc6
15. Qa4 Bd7 16. Bd2 Rfb8 17. Qa5 Qc8 18. Rb4 Rb6 19. Rxb6 axb6 20. Qxb6 Rxa2
21. Rd1 g5 22. Nc3 Ra6 23. Qb4 Bf8 24. Rb1 Nf6 25. Qb8 Qxb8 26. Rxb8 Ra1+ 27.
Nb1 Kf7 28. Bc3 Ra2 29. Rb7 Ke6 30. Bb2 Ra6 31. Nc3 h5 32. d4 Be7 33. d5+ Kf7
34. Bf1 c5 35. f3 Bd8 36. Nb5 Ke8 37. Bd3 Bxb5 38. Rxb5 f4 39. Bg6+ Kd7 40.
exf4 gxf4 41. gxf4 exf4 42. Rb7+ Kc8 43. Rf7 Nd7 44. Bf5 Ra7 45. Kf1 Bh4 46.
Rxd7 Rxd7 47. Ke2 Kc7 48. Bxd7 Kxd7 49. Kd3 Ke7 50. Ke4 Kf7 51. Kf5 Bf2 52. Bc3
Be3 53. Kg5 Bf2 54. Kxh5 Bd4 55. Be1 Kf6 56. Bh4+ Ke5 57. Kg6 Bg1 58. Bf6# 1-0

[Event "C.to Italiano Semifinale"]
[Site "Arvier ITA"]
[Date "2009.09.30"]
[Round "5"]
[White "Shytaj, Luca"]
[Black "Martorelli, Antonio"]
[Result "1-0"]
[WhiteElo "2481"]
[BlackElo "2228"]
[PlyCount "57"]
[EventDate "2009.09.26"]

1. e4 c5 2. Nf3 e6 3. d4 cxd4 4. Nxd4 a6 5. c4 Nf6 6. Nc3 Bb4 7. Bd3 Qc7 8. O-O
Nc6 9. Nc2 Be7 10. f4 d6 11. Qf3 b6 12. Be3 Bb7 13. Rac1 h5 14. Nd5 exd5 15.
cxd5 Nd8 16. Nd4 Qb8 17. Nf5 Bc8 18. Nxe7 Kxe7 19. Bd4 Kf8 20. e5 Nd7 21. Qg3
Nc5 22. e6 Ndxe6 23. dxe6 Nxe6 24. Bc3 h4 25. Qg4 f6 26. Rfe1 Nd8 27. Re8+ Kxe8
28. Qxg7 Ne6 29. Bg6+ 1-0

[Event "C.to Italiano Semifinale"]
[Site "Arvier ITA"]
[Date "2009.09.30"]
[Round "5"]
[White "Vespe, Francesco"]
[Black "Pompilio, Gaetano"]
[Result "1-0"]
[WhiteElo "1976"]
[BlackElo "1927"]
[PlyCount "65"]
[EventDate "2009.09.26"]

1. d4 d5 2. c4 e6 3. Nc3 f5 4. Nf3 c6 5. Bg5 Be7 6. Bxe7 Qxe7 7. e3 Nd7 8. Bd3
Qf6 9. Qc2 Ne7 10. cxd5 exd5 11. O-O O-O 12. b4 b6 13. Rfc1 Bb7 14. a4 a5 15.
Rab1 Rfc8 16. bxa5 Rxa5 17. Ne5 Nxe5 18. dxe5 Qxe5 19. Rxb6 Rc7 20. Qb3 Bc8 21.
Qb4 Rca7 22. Qb3 c5 23. Nxd5 Nxd5 24. Bc4 Rxa4 25. Bxd5+ Kf8 26. g3 Ra1 27.
Rxa1 Rxa1+ 28. Kg2 Bd7 29. Qc4 Qc7 30. Rb7 Qd6 31. Rxd7 Qxd7 32. Qxc5+ Qe7 33.
Qc8+ 1-0

[Event "C.to Italiano Semifinale"]
[Site "Arvier ITA"]
[Date "2009.10.01"]
[Round "6"]
[White "Astengo, Marcello"]
[Black "Marguerettaz, Davy"]
[Result "1/2-1/2"]
[WhiteElo "2134"]
[BlackElo "2049"]
[PlyCount "64"]
[EventDate "2009.09.26"]

1. d4 d5 2. c4 e6 3. Nc3 Nf6 4. cxd5 exd5 5. Bg5 Be7 6. Qc2 O-O 7. e3 c6 8. Bd3
Nbd7 9. Nge2 Re8 10. O-O Nf8 11. f3 Ng6 12. e4 dxe4 13. fxe4 Ng4 14. Bd2 Bg5
15. Bc4 Be6 16. d5 cxd5 17. exd5 Bxd2 18. Qxd2 Qc7 19. Nf4 Qxc4 20. dxe6 Qc5+
21. Kh1 fxe6 22. Nxg6 hxg6 23. Qe2 Qh5 24. h3 Nf6 25. Qc4 Rac8 26. Qb3 b6 27.
Rae1 Nd5 28. Nb5 Rf8 29. Nxa7 Rxf1+ 30. Rxf1 Qe2 31. Nxc8 Qxf1+ 32. Kh2 Qf4+
1/2-1/2